000 00260nam a2200097Ia 4500
008 220204s9999 xx 000 0 und d
082 _a677.21:382.6(540)
_bIND
245 0 _aIndia's export of cotton textiles
260 _aBombay
_bCotton textiles EPC
942 _cBK
999 _c22296
_d22296